| 000 | 00637nam a22002057a 4500 | ||
|---|---|---|---|
| 999 |
_c18625 _d18625 |
||
| 003 | AR-CdUCM | ||
| 008 | 190514b ||||| |||| 00| 0 spa d | ||
| 040 |
_aMUNICIPALIDAD PROVINCIAL DEL CUSCO _cBIBLIOTECA MUNICIPAL DEL CUSCO |
||
| 082 |
_a657.03 / _bAN59 |
||
| 100 |
_aAndrade E., Simón _939323 |
||
| 245 | _aDiccionario de Finanzas Economía y Contabilidad / | ||
| 260 |
_aLima : _bLucero, _c1996. |
||
| 300 |
_a569 páginas ; _c22 cm. |
||
| 505 | _aContenido: A cuenta -- Yes. | ||
| 650 |
_aDiccionario _95196 |
||
| 650 |
_aEconomía _9382 |
||
| 650 |
_aContabilidad _910543 |
||
| 942 |
_2ddc _cLIBROS |
||
| 945 |
_aachl _d2019-05-14 |
||